Pune : (Record no. 196272)

MARC details
000 -LEADER
fixed length control field 00670nam a22001937a 4500
005 - DATE AND TIME OF LATEST TRANSACTION
control field 20230608151147.0
010 ## - LCCN (DPL NO)
LC control number ENG-137104
020 ## - INTERNATIONAL STANDARD BOOK NUMBER
Terms of availability 750.00 APPROX
035 ## - SYSTEM CONTROL NUMBER
System control number EN-120636
037 ## - SOURCE OF ACQUISITION
Source of stock number/acquisition DBAD/PUB
082 ## - DEWEY DECIMAL CLASSIFICATION NUMBER
Classification number 954.13
100 ## - MAIN ENTRY--PERSONAL NAME
Personal name Kheruluwala, Munirah
245 ## - TITLE STATEMENT
Title Pune :
Remainder of title Steeped In Heritage & Culture /
Statement of responsibility, etc By Munirah Kheruluwala
260 ## - PUBLICATION, DISTRIBUTION, ETC. (IMPRINT)
Place of publication, distribution, etc Maharastra
Name of publisher, distributor, etc Free Spirits Media Works
Date of publication, distribution, etc 2020
270 ## - ADDRESS
Address 504, Plumeria, Nyati Estate, Mohammedwadi, Pune
City Maharastra
Postal code 411060
Telephone number 9503687700
Electronic mail address munirahq9@gmail.com
300 ## - PHYSICAL DESCRIPTION
Extent 150p.;
Dimensions 22cm(pbk)
Other physical details ill.
500 ## - GENERAL NOTE
General note explore pune cuisune, culture, mouments etc
942 ## - ADDED ENTRY ELEMENTS (KOHA)
Source of classification or shelving scheme Dewey Decimal Classification
Item type English Books
Classification part 954.13
Call number suffix KHE
Holdings
Withdrawn status Lost status Not for loan Collection code Home library Current library Date acquired Source of acquisition Cost, normal purchase price Full call number Barcode Copy number Cost, replacement price Koha item type
    Not For Loan Non-fiction D.B.Act.Division Mobile Library 08/06/2023 DBAD/PUB 750.00 954.13 KHE EN-120636 1 750.00 English Books

© Delhi Public Library
Hit Counter
free hit counter